[Event "Mittelfranken-chTB2b 1415"]
[Site "Mittelfranken"]
[Date "2014.10.12"]
[Round "2.8"]
[White "Hetzner, Helmut"]
[Black "Schemm, Helmut"]
[Result "1-0"]
[WhiteElo "1861"]
[BlackElo "1502"]
[PlyCount "69"]
[EventDate "2014.09.28"]
[EventType "team-tourn"]
[EventRounds "9"]
[EventCountry "GER"]
[SourceTitle "EXT 2020"]
[Source "ChessBase"]
[SourceDate "2019.10.17"]
[SourceVersion "1"]
[SourceVersionDate "2019.10.17"]
[SourceQuality "1"]
[WhiteTeam "Muehlhof/Schwabach"]
[BlackTeam "Schwanstetten"]
[WhiteTeamCountry "GER"]
[BlackTeamCountry "GER"]

1. e4 e5 2. Nf3 Nc6 3. Bc4 Bc5 4. c3 Nf6 5. d4 exd4 6. e5 d5 7. Bb5 Ne4 8. cxd4 Bb4+ 9. Kf1 Be7 10. Nc3 Nxc3 11. bxc3 Be6 12. h4 Qd7 13. Bg5 h6 14. Bf4 a6 15. Bd3 Na5 16. Nd2 c5 17. Be3 c4 18. Be2 b5 19. a3 g6 20. g4 Qd8 21. f4 Qd7 22. h5 0-0-0 23. a4 b4 24. cxb4 Bxb4 25. Rg1 Kb8 26. Qb1 Nc6 27. hxg6 fxg6 28. Qxg6 Rdg8 29. Qh5 Nxd4 30. Rb1 a5 31. Bxd4 Ka8 32. Rd1 Bf7 33. Qh1 h5 34. Nxc4 hxg4 35. Nb6+ 1-0